Drainage and salinity control / (Record no. 13572)
[ view plain ]
| 000 -LEADER | |
|---|---|
| fixed length control field | 00389cam a2200145ua 4500 |
| 020 ## - INTERNATIONAL STANDARD BOOK NUMBER | |
| ISBN | 81-85167-42-7 |
| 041 ## - LANGUAGE CODE | |
| Language code of text/sound track or separate title | eng |
| 082 ## - DEWEY DECIMAL CLASSIFICATION NUMBER | |
| Classification number | 631.5872 |
| Item number | RAJ/DR |
| 100 ## - MAIN ENTRY--AUTHOR NAME | |
| Personal name | Raj Vir Sing, . |
| 245 00 - TITLE STATEMENT | |
| Title | Drainage and salinity control / |
| 260 ## - PUBLICATION, DISTRIBUTION, ETC. (IMPRINT) | |
| Place of publication | New Delhi : |
| Name of publisher | Himanshu Publications , |
| Year of publication | 1991. |
| 300 ## - PHYSICAL DESCRIPTION | |
| Number of Pages | 271 ; . |
| Withdrawn status | Lost status | Damaged status | Collection code | Home library | Current library | Shelving location | Date acquired | Full call number | Accession Number | Koha item type |
|---|---|---|---|---|---|---|---|---|---|---|
| Non-fiction | KAUAET | KAUAET | General Stacks | 08/08/2012 | 631.5872 RAJ/DR | 19469 | Books |
